000 00577nam a2200193Ia 4500
008 151119s9999||||xx |||||||||||||| ||und||
082 _a891.464
082 _bGKKV7576
100 _aदेशपांडे ना व्य
245 _aसरकार ते सरकार
260 _a--
260 _b--
260 _c0
600 _aदेशपांडे ना व्य
630 _aसरकार ते सरकार
700 _aदेशपांडे ना व्य
730 _aसरकार ते सरकार
942 _cBOOK
999 _c1062219
_d1062216